[Event "Superettan(Rockaden, Sthlm II-Lulea)"]
[Site "?"]
[Date "2024.01.20"]
[Round "5"]
[White "Zadruzny, Nicolaj"]
[Black "Marklund, Niklas"]
[Result "1-0"]
[WhiteElo "2212"]
[BlackElo "2148"]
[PlyCount "67"]
[SourceVersionDate "2024.02.04"]

1. e4 c5 2. Nf3 d6 3. Bb5+ Nd7 4. c3 a6 5. Ba4 Ngf6 6. Qe2 e5 7. O-O Be7 8. d4
O-O 9. dxe5 dxe5 10. c4 Nb6 11. Rd1 Qc7 12. Bc2 Bg4 13. b3 Rad8 14. Nc3 Rxd1+
15. Nxd1 Nfd7 16. Ne3 Bxf3 17. Qxf3 Nb8 18. Nd5 Qd6 19. Bb2 N6d7 20. Rd1 Nc6
21. Bb1 Rd8 22. g3 Nd4 23. Qd3 Nf8 24. Rf1 Bf6 25. Bc2 Qe6 26. Bd1 Qh3 27. Bf3
Nfe6 28. Bg2 Qh5 29. Kh1 Qh6 30. f4 Kh8 31. Qd1 exf4 32. gxf4 Nf3 33. Rxf3 Bxb2
34. Qe2 1-0

[Event "Superettan(Upsala-Farsta)"]
[Site "?"]
[Date "2024.01.20"]
[Round "5"]
[White "Lagerborg, Krister"]
[Black "Styf, Josef"]
[Result "0-1"]
[WhiteElo "2106"]
[BlackElo "2013"]
[PlyCount "66"]
[SourceVersionDate "2024.02.13"]

1. e4 d6 2. d4 Nf6 3. f3 g6 4. c4 Bg7 5. Nc3 O-O 6. Be3 e5 7. d5 Nh5 8. Qd2 f5
9. Bd3 Na6 10. Nge2 Nb4 11. Bb1 a5 12. a3 Na6 13. Bc2 b6 14. Nc1 Nc5 15. Nd3
Nxd3+ 16. Bxd3 Nf4 17. Bxf4 exf4 18. Ne2 fxe4 19. Bxe4 Qh4+ 20. Kf1 Ba6 21. Rc1
Rae8 22. Kg1 Rxe4 23. fxe4 f3 24. Ng3 Bh6 25. Qc3 Bxc1 26. Qxc1 f2+ 27. Kf1 b5
28. Qc3 Qg4 29. Qc2 bxc4 30. Ne2 c3 31. bxc3 Bc4 32. h4 Qf4 33. Qb1 Qd2 0-1

[Event "Superettan(Skara-SS 4 Springare)"]
[Site "?"]
[Date "2024.01.20"]
[Round "5"]
[White "Mattsson, Michael"]
[Black "Olsson, Simon"]
[Result "0-1"]
[WhiteElo "2043"]
[BlackElo "2068"]
[PlyCount "98"]
[SourceVersionDate "2024.02.04"]

1. e4 c6 2. d4 d5 3. Nc3 dxe4 4. Nxe4 Nd7 5. Bc4 Ngf6 6. Nxf6+ Nxf6 7. c3 e6 8.
Nf3 Be7 9. O-O O-O 10. a4 c5 11. dxc5 Bxc5 12. Qc2 Qc7 13. Ba2 h6 14. Re1 b6
15. Be3 Bb7 16. Bxc5 bxc5 17. Ne5 Rfd8 18. Rac1 Rd6 19. Re2 Rad8 20. Rce1 Bd5
21. Bxd5 Rxd5 22. b3 Qb7 23. c4 Rd4 24. Qc3 Qc7 25. Qf3 Rd1 26. g3 R1d6 27. Kg2
Rb8 28. Re3 Qb7 29. Qxb7 Rxb7 30. Rc1 Kf8 31. Rcc3 Ke7 32. Rcd3 Rbb6 33. Rf3 a5
34. g4 Rb7 35. h4 Rxd3 36. Rxd3 Rc7 37. g5 hxg5 38. hxg5 Nd7 39. f4 Nxe5 40.
fxe5 Rd7 41. Rxd7+ Kxd7 42. Kf3 Ke7 43. Kg4 f6 44. Kf4 Kf7 45. gxf6 gxf6 46.
exf6 Kxf6 47. Ke4 e5 48. Kd5 Kf5 49. b4 axb4 0-1

[Event "Superettan(Rockaden, Sthlm II-Lulea)"]
[Site "?"]
[Date "2024.01.20"]
[Round "5"]
[White "Hovhannisyan, Hrayr"]
[Black "Bryntze, Stefan"]
[Result "1/2-1/2"]
[WhiteElo "2211"]
[BlackElo "2182"]
[PlyCount "147"]
[SourceVersionDate "2024.02.04"]

1. d4 b6 2. c4 e6 3. e4 Bb7 4. d5 Bb4+ 5. Bd2 Qe7 6. Bxb4 Qxb4+ 7. Qd2 Na6 8.
Nc3 O-O-O 9. Nf3 exd5 10. cxd5 Nf6 11. Bxa6 Bxa6 12. Nd4 Kb7 13. f3 c6 14.
O-O-O cxd5 15. e5 Ne8 16. Nc2 Qc4 17. Qxd5+ Qxd5 18. Nxd5 Nc7 19. Ncb4 Bc4 20.
Nxc7 Kxc7 21. Rd4 Be6 22. Kd2 Rhe8 23. f4 d5 24. Rc1+ Kb7 25. Nc2 g5 26. g3
gxf4 27. gxf4 f6 28. exf6 Rf8 29. Rg1 Rxf6 30. Rg7+ Rf7 31. Rxf7+ Bxf7 32. f5
Rg8 33. Ne3 h5 34. Kd3 Kc6 35. Rf4 Rg1 36. Kd4 Kd6 37. Rf2 Rg8 38. Rg2 Re8 39.
Rg7 Re4+ 40. Kd3 Be8 41. Rg2 Rf4 42. Rg5 Bb5+ 43. Kd2 d4 44. Nd1 Rh4 45. Rg2
Ke5 46. Rf2 Kf6 47. b3 Bd7 48. Nb2 Bxf5 49. Nc4 Ke6 50. Re2+ Re4 51. Rf2 Bg6
52. Nb2 Rg4 53. Nd3 Bxd3 54. Kxd3 Rh4 55. Rg2 b5 56. b4 a6 57. a3 Kf5 58. Rg8
Rxh2 59. Kxd4 Rh3 60. Rf8+ Kg6 61. a4 Rh4+ 62. Kc3 a5 63. axb5 Rxb4 64. Rb8 h4
65. b6 Kg7 66. Rb7+ Kf8 67. Rb8+ Ke7 68. Rh8 Kd7 69. b7 Kc7 70. b8=Q+ Rxb8 71.
Rxh4 Kc6 72. Rh5 Kb6 73. Kb3 Rc8 74. Rh6+ 1/2-1/2

[Event "Superettan(Upsala-Farsta)"]
[Site "?"]
[Date "2024.01.20"]
[Round "5"]
[White "Karlsson, Leif"]
[Black "Wisdahl, Peter"]
[Result "1/2-1/2"]
[WhiteElo "1799"]
[BlackElo "1964"]
[PlyCount "85"]
[SourceVersionDate "2024.02.13"]

1. Nf3 Nf6 2. g3 c5 3. c4 Nc6 4. Bg2 g6 5. Nc3 Bg7 6. O-O d5 7. cxd5 Nxd5 8.
Qb3 Nxc3 9. dxc3 O-O 10. Bg5 Qc7 11. e4 Be6 12. Qc2 b5 13. Rfd1 a5 14. Be3 c4
15. Qc1 Rfd8 16. Rxd8+ Rxd8 17. Bh6 Bg4 18. Bxg7 Kxg7 19. h3 Bxf3 20. Bxf3 Ne5
21. Be2 Qd7 22. Qf4 f6 23. Rd1 Qc8 24. Rxd8 Qxd8 25. b3 Qc8 26. bxc4 Nxc4 27.
Kg2 Qc5 28. Qc1 Nd6 29. Qc2 e5 30. g4 Qc6 31. Bd3 f5 32. gxf5 gxf5 33. f3 f4
34. Qb3 Kf6 35. h4 Nc4 36. a4 Ne3+ 37. Kh2 b4 38. Qg8 Qxc3 39. Qg5+ Kf7 40.
Qh5+ Kg7 41. Qg5+ Kf7 42. Qh5+ Kg7 43. Qg5+ 1/2-1/2

[Event "Superettan(Skara-SS 4 Springare)"]
[Site "?"]
[Date "2024.01.20"]
[Round "5"]
[White "Danielsson, Fredrik"]
[Black "Jakenberg, Jussi"]
[Result "1/2-1/2"]
[WhiteElo "2109"]
[BlackElo "2028"]
[PlyCount "31"]
[SourceVersionDate "2024.02.04"]

1. e4 e5 2. Nf3 Nc6 3. Bb5 a6 4. Ba4 Nf6 5. O-O d6 6. Re1 Bd7 7. c3 g6 8. d4
Bg7 9. Bxc6 Bxc6 10. dxe5 Nxe4 11. exd6 O-O 12. Bf4 Nxd6 13. Bxd6 Qxd6 14. Qxd6
cxd6 15. Nbd2 Rfe8 16. Rad1 1/2-1/2

[Event "Superettan(Rockaden, Sthlm II-Lulea)"]
[Site "?"]
[Date "2024.01.20"]
[Round "5"]
[White "Svorono, Gabriel"]
[Black "Pettersson, Tobias"]
[Result "1-0"]
[WhiteElo "2126"]
[BlackElo "2051"]
[PlyCount "65"]
[SourceVersionDate "2024.02.04"]

1. e4 d6 2. d4 Nf6 3. Nc3 g6 4. Nf3 Bg7 5. Be3 c6 6. Qd2 b5 7. Bd3 Nbd7 8. Bh6
Bxh6 9. Qxh6 e5 10. O-O-O Ng8 11. Qd2 a6 12. h4 Ngf6 13. dxe5 dxe5 14. Ng5 Qe7
15. f4 Bb7 16. fxe5 Nxe5 17. Be2 h6 18. Nf3 Nfg4 19. Nxe5 Nxe5 20. Qf4 h5 21.
g4 hxg4 22. Bxg4 Bc8 23. Bxc8 Rxc8 24. h5 Rxh5 25. Rxh5 gxh5 26. Qf5 Qe6 27.
Qxh5 Ke7 28. Ne2 Qf6 29. Nd4 Rd8 30. Nf5+ Ke8 31. Rxd8+ Kxd8 32. Qd1+ Kc7 33.
Qd4 1-0

[Event "Superettan(Helsingborg-Schack 08)"]
[Site "?"]
[Date "2024.01.20"]
[Round "5"]
[White "Karlsson, Tomas"]
[Black "Sylvan, Jacob"]
[Result "1/2-1/2"]
[WhiteElo "2278"]
[BlackElo "2321"]
[PlyCount "33"]
[SourceVersionDate "2024.02.03"]

1. e4 c5 2. Nf3 e6 3. d4 cxd4 4. Nxd4 Nc6 5. Nc3 Qc7 6. g3 a6 7. Bg2 d6 8. O-O
Bd7 9. Nxc6 Bxc6 10. Bf4 Nf6 11. Re1 Be7 12. e5 dxe5 13. Bxe5 Qb6 14. Bd4 Qc7
15. Be5 Qb6 16. Bd4 Qc7 17. Be5 1/2-1/2

[Event "Superettan(Burgsvik-Kristallen)"]
[Site "?"]
[Date "2024.01.20"]
[Round "5"]
[White "Walinder, Lars"]
[Black "Persson, Mats"]
[Result "1-0"]
[WhiteElo "2231"]
[BlackElo "2252"]
[PlyCount "59"]
[SourceVersionDate "2024.02.04"]

1. c4 e6 2. Nc3 d5 3. e3 Nf6 4. Nf3 c5 5. cxd5 exd5 6. d4 Nc6 7. Bb5 Bd6 8.
dxc5 Bxc5 9. O-O O-O 10. b3 Be6 11. Bb2 Rc8 12. Rc1 Qe7 13. Bxc6 bxc6 14. Na4
Bb6 15. Ne5 Bd7 16. Qe2 Rc7 17. Rfd1 Rfc8 18. Qa6 Qb4 19. Nd3 Qb5 20. Qxb5 cxb5
21. Nxb6 axb6 22. Rxc7 Rxc7 23. Bxf6 gxf6 24. Rc1 Ra7 25. Nb4 Be6 26. Kf1 Rd7
27. Rd1 Kf8 28. Ke2 Ke7 29. Rc1 Rb7 30. Kd3 1-0

[Event "Superettan(Helsingborg-Schack 08)"]
[Site "?"]
[Date "2024.01.20"]
[Round "5"]
[White "Beerdsen, Thomas"]
[Black "Nyander, Joakim"]
[Result "1-0"]
[WhiteElo "2502"]
[BlackElo "2186"]
[PlyCount "105"]
[SourceVersionDate "2024.02.03"]

1. e4 c5 2. Nf3 e6 3. Nc3 a6 4. Be2 d6 5. d4 cxd4 6. Nxd4 Qc7 7. Be3 Nf6 8. g4
Nc6 9. g5 Nd7 10. f4 Be7 11. Qd2 h6 12. g6 Bh4+ 13. Kf1 Nxd4 14. gxf7+ Kxf7 15.
Bxd4 Rf8 16. Rg1 Bf6 17. Bxf6 Nxf6 18. Rd1 Kg8 19. Qxd6 Qxd6 20. Rxd6 Ne8 21.
Rd8 Rxf4+ 22. Ke1 Rf8 23. Rf1 b5 24. Bg4 Rxf1+ 25. Kxf1 Kf7 26. Bh5+ g6 27.
Bxg6+ Kxg6 28. Rxe8 Kf6 29. Rh8 Kg7 30. Rd8 Kf6 31. Kf2 Bb7 32. Rd7 Bc6 33. Rc7
Be8 34. Ke3 Rd8 35. Rh7 Bg6 36. Rxh6 b4 37. Ne2 e5 38. Rh3 Rd1 39. Rf3+ Ke7 40.
Rg3 Kf6 41. Rg1 Rd8 42. Rf1+ Ke6 43. Ng3 Rc8 44. Rf2 Rc5 45. h4 Ra5 46. h5 Bf7
47. h6 Bg6 48. Nh5 Ke7 49. Rg2 Kf7 50. h7 Bxh7 51. Rg7+ Ke6 52. Rxh7 Rxa2 53.
Kd3 1-0

[Event "Superettan(Burgsvik-Kristallen)"]
[Site "?"]
[Date "2024.01.20"]
[Round "5"]
[White "Andersson, Tommy"]
[Black "Lindh, Fredrik"]
[Result "1-0"]
[WhiteElo "2358"]
[BlackElo "2251"]
[PlyCount "117"]
[SourceVersionDate "2024.02.04"]

1. Nf3 d5 2. g3 Nf6 3. Bg2 c6 4. O-O Bf5 5. b3 e6 6. Bb2 h6 7. d3 Be7 8. Nbd2
O-O 9. Re1 Bh7 10. e4 dxe4 11. dxe4 Na6 12. a3 Nc5 13. Ne5 Qc7 14. Qe2 Rad8 15.
Rad1 b5 16. Ng4 Ncd7 17. Ne3 Nc5 18. Ng4 Ncd7 19. Nxf6+ Bxf6 20. Bxf6 Nxf6 21.
Qe3 e5 22. Nb1 c5 23. f3 Rd4 24. c3 Rd6 25. Rxd6 Qxd6 26. Qe2 Qb6 27. Kh1 Rd8
28. Rd1 Kf8 29. Rxd8+ Qxd8 30. Nd2 Qa5 31. Nf1 a6 32. Qb2 Qd8 33. Qf2 Qd6 34.
Qe2 Nd7 35. Ne3 Nb6 36. Bf1 f6 37. Kg1 Bg8 38. Qc2 Be6 39. Kf2 Nd7 40. a4 Qb6
41. axb5 axb5 42. c4 b4 43. Nd5 Qa5 44. Qd2 Qa7 45. Qe3 Qa2+ 46. Be2 Qa1 47.
Kg2 Bxd5 48. exd5 Qd4 49. Qc1 e4 50. f4 f5 51. Qc2 Nf6 52. h3 Kf7 53. Qa2 e3
54. Qa7+ Kg6 55. Qe7 Ne4 56. g4 fxg4 57. hxg4 Nd2 58. d6 Qxf4 59. Bd3+ 1-0

[Event "Superettan(Helsingborg-Schack 08)"]
[Site "?"]
[Date "2024.01.20"]
[Round "5"]
[White "Ask, Josef"]
[Black "Johansson, Thomas"]
[Result "1/2-1/2"]
[WhiteElo "2174"]
[BlackElo "2166"]
[PlyCount "32"]
[SourceVersionDate "2024.02.03"]

1. e4 c5 2. Nf3 Nc6 3. Bb5 Nf6 4. Bxc6 dxc6 5. e5 Nd5 6. h3 h6 7. Nc3 Bf5 8. d3
e6 9. Qe2 Be7 10. Ne4 Qc7 11. c4 Nb6 12. b3 O-O-O 13. Bb2 Rhg8 14. O-O-O Nd7
15. Rhe1 Bg6 16. Kb1 Kb8 1/2-1/2

[Event "Superettan(Burgsvik-Kristallen)"]
[Site "?"]
[Date "2024.01.20"]
[Round "5"]
[White "van Hengel, Hugo"]
[Black "Larsson, Victor"]
[Result "0-1"]
[WhiteElo "2245"]
[BlackElo "2173"]
[PlyCount "52"]
[SourceVersionDate "2024.02.04"]

1. e4 c5 2. Nf3 Nc6 3. d4 cxd4 4. Nxd4 g6 5. Nc3 Bg7 6. Be3 Nf6 7. Bc4 Qa5 8.
O-O O-O 9. Bb3 d6 10. h3 Bd7 11. f4 Nxd4 12. Bxd4 Bc6 13. Qd3 Rad8 14. Rad1 e5
15. Be3 exf4 16. Bxf4 Nh5 17. Bxd6 Be5 18. Rxf7 Rxd6 19. Qc4 Qb6+ 20. Kh1 Rxd1+
21. Nxd1 Ng3+ 22. Kh2 Nf1+ 23. Kh1 Ng3+ 24. Kh2 Ne2+ 25. Rf4+ Kg7 26. Qxe2 Rxf4
0-1

[Event "Superettan(Helsingborg-Schack 08)"]
[Site "?"]
[Date "2024.01.20"]
[Round "5"]
[White "Semcesen, Daniel"]
[Black "Bjorkeroth, Johan"]
[Result "1-0"]
[WhiteElo "2459"]
[BlackElo "2144"]
[PlyCount "55"]
[SourceVersionDate "2024.02.03"]

1. d4 Nf6 2. c4 e6 3. Nc3 Bb4 4. a3 Bxc3+ 5. bxc3 Nc6 6. f3 b6 7. e4 Ba6 8. Bd3
Na5 9. Qe2 d6 10. f4 Qd7 11. Nf3 Qa4 12. Nd2 d5 13. exd5 O-O-O 14. dxe6 Rhe8
15. f5 fxe6 16. fxe6 Kb8 17. O-O Rd6 18. d5 Nb7 19. Rb1 Qa5 20. Nb3 Qa4 21. Nd4
Nc5 22. Rb4 Qa5 23. Bf4 Nxd3 24. Bxd6 Nxb4 25. Bxb4 Qxd5 26. cxd5 Bxe2 27. Nxe2
Nxd5 28. Rf8 1-0

[Event "Superettan(Burgsvik-Kristallen)"]
[Site "?"]
[Date "2024.01.20"]
[Round "5"]
[White "Haitin, Ilja"]
[Black "Andersson, Goran L"]
[Result "1/2-1/2"]
[WhiteElo "2284"]
[BlackElo "2184"]
[PlyCount "125"]
[SourceVersionDate "2024.02.04"]

1. Nf3 Nf6 2. g3 b5 3. e3 a6 4. a4 b4 5. Bg2 Bb7 6. O-O e6 7. d4 d5 8. a5 c5 9.
dxc5 Bxc5 10. Nbd2 Nc6 11. Nb3 Bd6 12. Ne1 Ne5 13. Nd3 Rc8 14. Bd2 Nc4 15. Be1
Qe7 16. Nd4 g6 17. b3 Na3 18. f4 Ne4 19. Nf2 O-O 20. Nxe4 dxe4 21. Ra2 e5 22.
fxe5 Bxe5 23. Qd2 Rfd8 24. Qxb4 Qxb4 25. Bxb4 Bxd4 26. exd4 Nxc2 27. Be7 Rxd4
28. Bf6 Rd2 29. Bh3 Rc6 30. Bg5 Rd3 31. Bg2 f5 32. Bh6 Rc8 33. g4 Nd4 34. gxf5
Nxf5 35. Bf4 Rxb3 36. Re1 Re8 37. Rd2 e3 38. Rd7 Bxg2 39. Kxg2 Rb4 40. Bc7 e2
41. Kf2 Rbe4 42. Rd8 Rxd8 43. Bxd8 Kf7 44. Rxe2 Rxe2+ 45. Kxe2 Ke6 46. Kf3 h6
47. Kf4 Nd6 48. h4 Nf7 49. Bb6 g5+ 50. hxg5 hxg5+ 51. Kg4 Kf6 52. Bc7 Kg6 53.
Kf3 Kf5 54. Ke3 Ke6 55. Ke4 Nd6+ 56. Bxd6 Kxd6 57. Kf5 Kc5 58. Kxg5 Kb5 59. Kf4
Kxa5 60. Ke3 Kb4 61. Kd2 Kb3 62. Kc1 Ka2 63. Kc2 1/2-1/2

[Event "Superettan(Helsingborg-Schack 08)"]
[Site "?"]
[Date "2024.01.20"]
[Round "5"]
[White "Faldt, Magnus"]
[Black "Nilsson Hask, Patrik"]
[Result "1/2-1/2"]
[WhiteElo "2139"]
[BlackElo "2078"]
[PlyCount "98"]
[SourceVersionDate "2024.02.03"]

1. d4 f5 2. c4 Nf6 3. g3 g6 4. Bg2 Bg7 5. b3 O-O 6. Bb2 d6 7. Nf3 Ne4 8. O-O
Nc6 9. Nbd2 Nxd2 10. Qxd2 e5 11. d5 Ne7 12. Ng5 h6 13. Nh3 g5 14. f4 gxf4 15.
gxf4 e4 16. Bxg7 Kxg7 17. Kh1 Ng6 18. Rg1 Qh4 19. Rac1 b6 20. Rc3 Kh7 21. Rg3
Bd7 22. Bf1 Rg8 23. Qc3 Qe7 24. Ng5+ hxg5 25. Rxg5 Qxg5 26. fxg5 Rh8 27. e3 Ne5
28. Be2 Kg6 29. Qe1 Rh7 30. h4 Rah8 31. h5+ Rxh5+ 32. Bxh5+ Rxh5+ 33. Kg2 Nf3
34. Qc3 Rxg5+ 35. Kf2 Rxg1 36. Qh8 Rg5 37. Qg8+ Kh5 38. Qf7+ Kg4 39. Qxd7 Kh3
40. Qh7+ Nh4 41. Qxc7 Rg2+ 42. Kf1 Rxa2 43. Qxd6 Ng2 44. Qh6+ Kg3 45. d6 f4 46.
Qg5+ Kf3 47. Qh5+ Kg3 48. Qg5+ Kf3 49. Qh5+ Kg3 1/2-1/2

[Event "Superettan(Burgsvik-Kristallen)"]
[Site "?"]
[Date "2024.01.20"]
[Round "5"]
[White "Naslund, Mikael"]
[Black "Tuvesson, Mats"]
[Result "1/2-1/2"]
[WhiteElo "2136"]
[BlackElo "2017"]
[PlyCount "90"]
[SourceVersionDate "2024.02.04"]

1. d4 Nf6 2. c4 c5 3. d5 b5 4. cxb5 a6 5. e3 g6 6. Nc3 Bg7 7. a4 d6 8. Bc4 O-O
9. Nf3 axb5 10. Bxb5 Ba6 11. Bd2 Bxb5 12. axb5 Nbd7 13. O-O Qb6 14. Qe2 Qb7 15.
e4 Rxa1 16. Rxa1 Rb8 17. Bg5 h6 18. Bf4 Ng4 19. h3 Nge5 20. Nxe5 Nxe5 21. Ra6
g5 22. Be3 Nd7 23. h4 Bxc3 24. bxc3 Qxb5 25. Qxb5 Rxb5 26. hxg5 hxg5 27. Bxg5
f6 28. Bf4 Kf7 29. Ra7 Rb1+ 30. Kh2 Ne5 31. Bxe5 fxe5 32. Ra3 Re1 33. f3 Re3
34. Kg3 Kf6 35. Kf2 Rd3 36. Ke2 c4 37. Ra4 Rxc3 38. Kd2 Rd3+ 39. Kc2 Re3 40.
Kd2 Rd3+ 41. Kc2 Re3 42. Rxc4 Re2+ 43. Kd3 Rxg2 44. Rc8 Kf7 45. Rh8 Ra2 1/2-1/2

[Event "Superettan(Helsingborg-Schack 08)"]
[Site "?"]
[Date "2024.01.20"]
[Round "5"]
[White "Rothman, Peter"]
[Black "Wiklund, Johan"]
[Result "1-0"]
[WhiteElo "2108"]
[BlackElo "1888"]
[PlyCount "97"]
[SourceVersionDate "2024.02.03"]

1. d4 e6 2. c4 Nf6 3. Nf3 b6 4. a3 Bb7 5. Nc3 Be7 6. e3 O-O 7. Bd3 d5 8. cxd5
exd5 9. O-O Nbd7 10. b3 Ne4 11. Bb2 Re8 12. Qe2 Bf6 13. Rac1 c5 14. Na4 Bc6 15.
Bb5 Bxb5 16. Qxb5 Qe7 17. dxc5 Bxb2 18. Nxb2 bxc5 19. Na4 Rec8 20. Rfe1 Qe6 21.
b4 cxb4 22. axb4 Ndf6 23. Nc5 Qe7 24. h3 Rab8 25. Qa5 h6 26. Na6 Rxc1 27. Rxc1
Rb7 28. Rc8+ Kh7 29. Rc7 Rxc7 30. Qxc7 Qxc7 31. Nxc7 Nd6 32. Ne5 Kg8 33. Nc6
Nc8 34. Nb5 Kf8 35. Nbxa7 Nxa7 36. Nxa7 Ke8 37. Nc6 Ne4 38. f3 Nd6 39. Nd4 Kd7
40. Kf2 h5 41. g4 hxg4 42. hxg4 g6 43. Ke2 Ke7 44. Kd3 Kf6 45. Ne2 Ke5 46. f4+
Ke6 47. Kd4 Ne4 48. Nc3 Nf2 49. g5 1-0

[Event "Superettan(Burgsvik-Kristallen)"]
[Site "?"]
[Date "2024.01.20"]
[Round "5"]
[White "Andersson, Bjorn"]
[Black "Dingertz, Erik"]
[Result "0-1"]
[WhiteElo "2163"]
[BlackElo "2121"]
[PlyCount "66"]
[SourceVersionDate "2024.02.04"]

1. e4 e5 2. Nf3 Nc6 3. d4 exd4 4. Bb5 Bc5 5. O-O Nge7 6. Ng5 d6 7. f4 f6 8. Nf3
Bg4 9. h3 Bxf3 10. Qxf3 Qd7 11. Kh1 O-O-O 12. Nd2 f5 13. a3 Rhf8 14. b4 Bb6 15.
Bd3 fxe4 16. Qxe4 Rde8 17. Nc4 Nf5 18. Qf3 Ne3 19. Nxb6+ axb6 20. Bxe3 Rxe3 21.
Qh5 g6 22. Qd5 Qg7 23. Rad1 Ne7 24. Qc4 d5 25. Qb5 Qh6 26. Rd2 Nf5 27. Kh2 Ng3
28. Rff2 Rxf4 29. Qxd5 Qf8 30. Ba6 Rxf2 31. Qxb7+ Kd7 32. Rxd4+ Ke6 33. Qxc7
Rxg2+ 0-1

[Event "Superettan(Helsingborg-Schack 08)"]
[Site "?"]
[Date "2024.01.20"]
[Round "5"]
[White "Lofgren, Tomas"]
[Black "Rosell, Tomas"]
[Result "0-1"]
[WhiteElo "1923"]
[BlackElo "2156"]
[PlyCount "66"]
[SourceVersionDate "2024.02.03"]

1. d4 f5 2. Nf3 g6 3. Bf4 Nf6 4. e3 Bg7 5. Bd3 d6 6. c3 e6 7. Qc2 O-O 8. Nbd2
h6 9. h3 Qe7 10. O-O-O Nc6 11. Bh2 g5 12. e4 f4 13. g3 e5 14. dxe5 dxe5 15.
gxf4 exf4 16. h4 g4 17. Nd4 Nh5 18. Qb3+ Kh8 19. Qd5 Ne5 20. Bc2 g3 21. fxg3
fxg3 22. Bg1 Nf4 23. Qb3 g2 24. Rh2 Ng4 25. Nf5 Bxf5 26. exf5 Nxh2 27. Bxh2
Ne2+ 28. Kb1 Rad8 29. Qc4 g1=Q 30. Bxg1 Nxg1 31. Rxg1 Rxd2 32. Qg4 Qf6 33. Qf4
Rxc2 0-1

[Event "Superettan(Helsingborg-Schack 08)"]
[Site "?"]
[Date "2024.01.20"]
[Round "5"]
[White "Hakansson, Stefan"]
[Black "Sternlund, Hakan"]
[Result "1/2-1/2"]
[WhiteElo "1998"]
[BlackElo "2124"]
[PlyCount "21"]
[SourceVersionDate "2024.02.03"]

1. d4 Nf6 2. Bf4 e6 3. e3 b6 4. Nf3 Bb7 5. Nbd2 Be7 6. h3 O-O 7. Bd3 Nd5 8. Bg3
f5 9. c4 Nf6 10. Qc2 g6 11. O-O 1/2-1/2

[Event "Superettan(Burgsvik-Kristallen)"]
[Site "?"]
[Date "2024.01.20"]
[Round "5"]
[White "Fraenkel, Mikael"]
[Black "Gamback, Bjorn"]
[Result "0-1"]
[WhiteElo "1925"]
[BlackElo "2031"]
[PlyCount "170"]
[SourceVersionDate "2024.02.04"]

1. e4 c5 2. Nf3 d6 3. d4 Nf6 4. Nc3 cxd4 5. Nxd4 g6 6. Bc4 Bg7 7. Be3 Nc6 8. f3
Bd7 9. Qd2 Rc8 10. Bb3 h5 11. O-O-O Ne5 12. Bg5 Nc4 13. Bxc4 Rxc4 14. Rhe1 Rc5
15. h4 Qc8 16. Nd5 Nxd5 17. exd5 f6 18. Nb3 fxg5 19. Nxc5 Qxc5 20. Qxg5 O-O 21.
g4 hxg4 22. fxg4 Qb4 23. c3 Qxg4 24. Rg1 Qxg5+ 25. hxg5 Be5 26. Rde1 Rf5 27.
Kc2 Bb5 28. Rg4 Rf2+ 29. Kb3 a5 30. Rh1 Bd7 31. Rc4 Bf5 32. Rh6 Bg7 33. Rhh4 b5
34. Rc7 Re2 35. Ra7 Be4 36. Ra8+ Kf7 37. Rf4+ Bf5 38. Rxa5 Be5 39. Rf3 b4 40.
Ra7 bxc3 41. bxc3 Ke8 42. Ra8+ Kd7 43. Ra7+ Kd8 44. a4 Rd2 45. Kc4 e6 46. dxe6
Bxe6+ 47. Kb5 Bd7+ 48. Kc4 Bf5 49. a5 d5+ 50. Kb5 d4 51. cxd4 Bxd4 52. Ra8+ Kc7
53. a6 Bd7+ 54. Kc4 Be6+ 55. Kb4 Rb2+ 56. Ka3 Ra2+ 57. Kb4 Bd5 58. Rff8 Rb2+
59. Ka4 Bc6+ 60. Ka3 Bxa8 61. Rxa8 Rb6 62. Ka4 Be3 63. Rg8 Rxa6+ 64. Kb5 Re6
65. Kc4 Bxg5 66. Kd5 Rd6+ 67. Ke5 Bf6+ 68. Kf4 g5+ 69. Kf5 Bd8 70. Rg7+ Rd7 71.
Rg6 Rf7+ 72. Kg4 Rf4+ 73. Kg3 Bf6 74. Rg8 Kd7 75. Ra8 Ke6 76. Ra6+ Kf5 77. Ra5+
Be5 78. Kg2 g4 79. Rb5 Ra4 80. Rb7 Ke4 81. Rf7 Ra2+ 82. Kf1 Bf4 83. Rb7 Kf3 84.
Rb1 g3 85. Rb3+ Be3 0-1

[Event "Superettan(Upsala-Farsta)"]
[Site "?"]
[Date "2024.01.20"]
[Round "5"]
[White "Lundin, Jan"]
[Black "Johansson, Jan"]
[Result "1-0"]
[WhiteElo "2232"]
[BlackElo "2279"]
[PlyCount "43"]
[SourceVersionDate "2024.02.13"]

1. e4 d6 2. Nc3 e5 3. f4 exf4 4. Nf3 h6 5. d4 g5 6. g3 Bg7 7. gxf4 g4 8. Rg1
gxf3 9. Rxg7 Qh4+ 10. Rg3 Bg4 11. Qd2 Nd7 12. Qf2 O-O-O 13. Be3 f5 14. e5 Ne7
15. h3 Bh5 16. Rxf3 Ng6 17. Qxh4 Nxh4 18. Rg3 Rhe8 19. Be2 Bxe2 20. Kxe2 c5 21.
Nb5 Nb6 22. dxc5 1-0

[Event "Superettan(Skara-SS 4 Springare)"]
[Site "?"]
[Date "2024.01.20"]
[Round "5"]
[White "Sivuk, Vitaly"]
[Black "Kreken, Eivind Grunt"]
[Result "1-0"]
[WhiteElo "2502"]
[BlackElo "2229"]
[PlyCount "69"]
[EventDate "2024.??.??"]
[SourceVersionDate "2024.02.04"]

1. Nf3 Nf6 2. g3 g6 3. c4 Bg7 4. d4 O-O 5. Nc3 d6 6. Bg2 c6 7. e4 Bg4 8. Qb3
Nfd7 9. Be3 Qb6 10. Qxb6 Nxb6 11. Nd2 Be6 12. Bf1 f5 13. Rc1 fxe4 14. Ncxe4
N8d7 15. b3 Bf5 16. f4 Kh8 17. Bg2 e5 18. dxe5 dxe5 19. O-O exf4 20. gxf4 Rae8
21. Rce1 Re7 22. Bf2 Nc8 23. Ng3 Bd3 24. Rxe7 Nxe7 25. Re1 Nf5 26. Nf3 Nxg3 27.
hxg3 a5 28. Nd4 Bf5 29. Nxf5 gxf5 30. Re7 Rd8 31. Bh3 Nf8 32. Re2 Rd6 33. Kg2
a4 34. Bxf5 a3 35. Bc5 1-0

[Event "Superettan(Rockaden, Sthlm II-Lulea)"]
[Site "?"]
[Date "2024.01.20"]
[Round "5"]
[White "Sargsyan, Shant"]
[Black "Hedman, Erik"]
[Result "1-0"]
[WhiteElo "2634"]
[BlackElo "2311"]
[PlyCount "71"]
[SourceVersionDate "2024.02.04"]

1. e4 e5 2. Nf3 Nc6 3. Bb5 a6 4. Ba4 Nf6 5. O-O d6 6. Re1 Bd7 7. c3 g6 8. d4
Bg7 9. d5 Ne7 10. c4 O-O 11. Nc3 Bxa4 12. Nxa4 b6 13. b4 a5 14. bxa5 Rxa5 15.
Bd2 Ra6 16. Nc3 Nd7 17. a4 Nc5 18. Be3 Ra5 19. Nd2 f5 20. Bxc5 bxc5 21. Rb1
fxe4 22. Ndxe4 Bh6 23. Re2 Nf5 24. Reb2 Ra8 25. Rb7 Rf7 26. a5 Kg7 27. Ra1 Ra6
28. Qb3 Nd4 29. Rb8 Qh4 30. Qb7 Ne2+ 31. Nxe2 Qxe4 32. Qc8 Bd2 33. Qg8+ Kf6 34.
h4 Qxc4 35. Ng3 c6 36. Qh8+ 1-0

[Event "Superettan(Upsala-Farsta)"]
[Site "?"]
[Date "2024.01.20"]
[Round "5"]
[White "Sittenfeld, Johan"]
[Black "Livner, Anders"]
[Result "1/2-1/2"]
[WhiteElo "2135"]
[BlackElo "2283"]
[PlyCount "74"]
[SourceVersionDate "2024.02.13"]

1. d4 d5 2. c4 e6 3. Nf3 Nf6 4. g3 dxc4 5. Bg2 c5 6. O-O Nc6 7. Qa4 Bd7 8. Qxc4
b5 9. Qd3 c4 10. Qc2 Rc8 11. e4 Be7 12. Rd1 O-O 13. Nc3 Nb4 14. Qe2 Nd3 15. a3
a5 16. e5 Nd5 17. Ne4 Qb6 18. Bg5 f6 19. exf6 gxf6 20. Bh6 Rf7 21. h4 b4 22.
axb4 Qxb4 23. Rdb1 a4 24. Bh3 Qb6 25. Nc3 f5 26. Bg5 Bf8 27. Nxd5 exd5 28. Ne5
Nxe5 29. Qxe5 Bg7 30. Qxd5 Bxd4 31. Rf1 Bxb2 32. Rae1 Qc5 33. Bg2 Kg7 34. Bh6+
Kf6 35. Bg5+ Kg7 36. Bh6+ Kf6 37. Bg5+ Kg7 1/2-1/2

[Event "Superettan(Skara-SS 4 Springare)"]
[Site "?"]
[Date "2024.01.20"]
[Round "5"]
[White "Ronneland, Daniel"]
[Black "Galperin, Platon"]
[Result "0-1"]
[WhiteElo "2234"]
[BlackElo "2556"]
[PlyCount "58"]
[SourceVersionDate "2024.02.04"]

1. e4 e5 2. Nf3 Nc6 3. Bb5 a6 4. Ba4 Nge7 5. c3 f6 6. d4 d5 7. dxe5 dxe4 8.
Qxd8+ Kxd8 9. exf6 gxf6 10. Nh4 Ne5 11. O-O N7g6 12. Nxg6 hxg6 13. Bc2 f5 14.
Bg5+ Be7 15. Bxe7+ Kxe7 16. Nd2 Be6 17. Rfe1 Kf6 18. Re2 Rad8 19. Rae1 Bd7 20.
b3 Bb5 21. c4 Bc6 22. Nf1 Nf7 23. b4 Rd4 24. Bb3 Ne5 25. Ne3 Rhd8 26. Nc2 Rd2
27. a4 Be8 28. f4 exf3 29. Rxd2 Rxd2 0-1